Guess the 1960s song lyrics #114 - Statistics

General Stats
  • This quiz has been taken 36 times
    6 since last reset
  • The average score is 109 of 145
Answer Stats
Answer % Correct
a
100%
by
100%
for
100%
For
100%
he
100%
hear
100%
Hear
100%
I
100%
I've
100%
that
100%
this
100%
want
100%
when
100%
When
100%
you
100%
your
100%
And
83%
and
83%
at
83%
can't
83%
Cathy's
83%
clown
83%
comes
83%
Here
83%
it's
83%
know
83%
love
83%
man
83%
so
83%
time
83%
all
67%
anymore
67%
Don't
67%
don't
67%
gotta
67%
he's
67%
kisses
67%
me
67%
not
67%
of
67%
see
67%
sound
67%
sure
67%
that's
67%
That's
67%
you're
67%
die
50%
each
50%
Everly Brothers
50%
hears
50%
shed
50%
tear
50%
bad
33%
even
33%
kind
33%
knows
33%
Or
33%
stand
33%
think
33%
care
17%
crawl
17%
lies
17%
passing
17%
sad
17%
tall
17%
telling
17%
treating
17%
em
0%
sincere
0%
No matching quizzes found
Score Distribution
Percent of People with Each Score
Percentile by Number Answered
Your Score History
You have not taken this quiz since the last reset